[Event "Rowy op 09"]
[Site "Rowy"]
[Date "2012.09.??"]
[Round "2"]
[White "Niecko, Stanislaw"]
[Black "Winiarski, Kazimierz"]
[Result "1/2-1/2"]
[WhiteElo "1828"]
[BlackElo "1941"]
[PlyCount "25"]
[EventDate "2012.09.??"]
[EventType "swiss"]
[EventRounds "9"]
[EventCountry "POL"]
[SourceTitle "EXT 2014"]
[Source "ChessBase"]
[SourceDate "2013.11.20"]
[SourceVersion "1"]
[SourceVersionDate "2013.11.20"]
[SourceQuality "1"]

1. c4 e6 2. g3 f5 3. Bg2 Nf6 4. Nc3 Be7 5. Nf3 d6 6. d4 c6 7. 0-0 0-0 8. Qc2 d5 9. Rd1 a5 10. b3 Na6 11. a3 Bd7 12. Ne5 Rc8 13. Bf4 1/2-1/2

[Event "Rowy op 09"]
[Site "Rowy"]
[Date "2012.09.??"]
[Round "7"]
[White "Szydlowski, Wiktor"]
[Black "Winiarski, Kazimierz"]
[Result "1/2-1/2"]
[WhiteElo "1835"]
[BlackElo "1941"]
[PlyCount "29"]
[EventDate "2012.09.??"]
[EventType "swiss"]
[EventRounds "9"]
[EventCountry "POL"]
[SourceTitle "EXT 2014"]
[Source "ChessBase"]
[SourceDate "2013.11.20"]
[SourceVersion "1"]
[SourceVersionDate "2013.11.20"]
[SourceQuality "1"]

1. e4 c5 2. Nf3 e6 3. g3 b6 4. Bg2 Bb7 5. d3 Be7 6. 0-0 d6 7. c4 Nf6 8. e5 dxe5 9. Nxe5 Bxg2 10. Kxg2 0-0 11. Qf3 Nbd7 12. Nc6 Qe8 13. Nxe7+ Qxe7 14. Re1 Rad8 15. Nc3 1/2-1/2

[Event "Rowy op 09"]
[Site "Rowy"]
[Date "2012.09.??"]
[Round "3"]
[White "Winiarski, Kazimierz"]
[Black "Strojek, Kazimierz"]
[Result "1/2-1/2"]
[WhiteElo "1941"]
[BlackElo "1737"]
[PlyCount "57"]
[EventDate "2012.09.??"]
[EventType "swiss"]
[EventRounds "9"]
[EventCountry "POL"]
[SourceTitle "EXT 2014"]
[Source "ChessBase"]
[SourceDate "2013.11.20"]
[SourceVersion "1"]
[SourceVersionDate "2013.11.20"]
[SourceQuality "1"]

1. d4 Nf6 2. Nf3 d6 3. g3 g6 4. Bg2 Bg7 5. c4 c6 6. Nc3 0-0 7. 0-0 Bf5 8. Nh4 Bg4 9. h3 Bd7 10. e4 Qc7 11. Be3 e5 12. Qd2 Re8 13. Rad1 Re7 14. f4 Nh5 15. Rf3 Bf6 16. dxe5 dxe5 17. f5 Bxh4 18. gxh4 f6 19. Rf2 Na6 20. Bf3 Ng7 21. fxg6 hxg6 22. Qd6 Qxd6 23. Rxd6 Be6 24. b3 Ne8 25. Rd1 Bxh3 26. Rfd2 b6 27. Ne2 Rh7 28. Bf2 Be6 29. Kg2 1/2-1/2

[Event "Polanica Zdroj op-B 47th"]
[Site "Polanica Zdroj"]
[Date "2011.??.??"]
[Round "4"]
[White "Widera, Jan"]
[Black "Winiarski, Kazimierz"]
[Result "1-0"]
[WhiteElo "2045"]
[BlackElo "1967"]
[PlyCount "147"]
[EventDate "2011.08.18"]
[EventType "swiss"]
[EventRounds "9"]
[EventCountry "POL"]
[SourceTitle "CBM 144 Extra"]
[Source "ChessBase"]
[SourceDate "2011.10.28"]
[SourceVersion "1"]
[SourceVersionDate "2011.10.28"]
[SourceQuality "1"]

1. e4 e6 2. d4 d5 3. Nc3 dxe4 4. Nxe4 Nd7 5. Nf3 Ngf6 6. Nxf6+ Nxf6 7. Bg5 Be7 8. Bd3 0-0 9. Qd2 b6 10. Bxf6 Bxf6 11. Be4 Rb8 12. Qd3 g6 13. 0-0-0 Bg7 14. h4 Qd6 15. Qe3 Ba6 16. h5 f5 17. Bd3 f4 18. Qe2 Bxd3 19. Qxd3 Rf5 20. hxg6 h6 21. Rhe1 b5 22. Qb3 Rd5 23. c4 Qc6 24. Kb1 Qxc4 25. Rxe6 Qxb3 26. axb3 c5 27. Kc2 Rc8 28. Re4 cxd4+ 29. Kd3 Rd6 30. Rxf4 Rxg6 31. g3 Rf6 32. Rxf6 Bxf6 33. Ra1 Rc7 34. Ra6 Kf7 35. Nd2 Bg7 36. Ne4 Rc1 37. Rxa7+ Kg6 38. Rb7 Rb1 39. Kc2 Re1 40. Kd3 Rb1 41. Kc2 Re1 42. Kd3 Rb1 43. Rxb5 Rxb2 44. g4 Rb1 45. Rb6+ Kh7 46. Nf6+ Bxf6 47. Rxf6 Rxb3+ 48. Ke4 d3 49. Rd6 Rb4+ 50. Kf3 Rb3 51. Ke3 d2+ 52. Kxd2 Rf3 53. Ke2 Rf4 54. f3 Kg7 55. Kf2 Ra4 56. Kg3 Rb4 57. Rd5 Ra4 58. Rf5 Rb4 59. Kh4 Rb1 60. Ra5 Rh1+ 61. Kg3 Rb1 62. f4 Rb3+ 63. Kh4 Rb1 64. Ra7+ Kf6 65. Ra6+ Kg7 66. f5 Rb3 67. Rg6+ Kh7 68. Re6 Rf3 69. Re7+ Kg8 70. Kh5 Rg3 71. Ra7 Kf8 72. Ra6 Kg7 73. Rg6+ Kf7 74. Rxh6 1-0

[Event "Polanica Zdroj op-B 47th"]
[Site "Polanica Zdroj"]
[Date "2011.??.??"]
[Round "7"]
[White "Winiarski, Kazimierz"]
[Black "Pudlo, Jerzy"]
[Result "1/2-1/2"]
[WhiteElo "1967"]
[BlackElo "1702"]
[PlyCount "112"]
[EventDate "2011.08.18"]
[EventType "swiss"]
[EventRounds "9"]
[EventCountry "POL"]
[SourceTitle "CBM 144 Extra"]
[Source "ChessBase"]
[SourceDate "2011.10.28"]
[SourceVersion "1"]
[SourceVersionDate "2011.10.28"]
[SourceQuality "1"]

1. e4 c5 2. Nf3 d6 3. d4 cxd4 4. Nxd4 Nc6 5. Be3 Nf6 6. Nc3 a6 7. Be2 Bd7 8. 0-0 g6 9. Qd2 h5 10. Rad1 b5 11. a3 Rc8 12. Nxc6 Bxc6 13. f3 Qc7 14. Bd3 Bg7 15. Bd4 0-0 16. Qf2 e5 17. Be3 Bd7 18. h3 Be6 19. g4 Qd7 20. Qg3 Bc4 21. g5 Ne8 22. Bxc4 Rxc4 23. Rd2 Qe6 24. Nd5 Kh7 25. c3 f5 26. gxf6 Nxf6 27. Nxf6+ Bxf6 28. Rfd1 Be7 29. Kh2 Qf7 30. Rg1 Qg8 31. h4 Rcc8 32. f4 exf4 33. Bxf4 Qe6 34. Bxd6 Qxe4 35. Bxe7 Qxe7 36. Re1 Qf7 37. Red1 Rce8 38. Rd7 Re7 39. Rxe7 Qxe7 40. Rd2 Rd8 41. Rf2 Qd6 42. Qxd6 Rxd6 43. Rc2 Rc6 44. b3 a5 45. c4 Kh6 46. c5 b4 47. axb4 axb4 48. Kg3 g5 49. hxg5+ Kxg5 50. Rc4 Kf5 51. Kh4 Ke5 52. Kxh5 Kd5 53. Kg4 Rxc5 54. Rxb4 Rc3 55. Kf4 Kc5 56. Rb8 Rd3 1/2-1/2

[Event "Polanica Zdroj op-E 46th"]
[Site "Polanica Zdroj"]
[Date "2010.08.25"]
[Round "7"]
[White "Widera, Jan"]
[Black "Winiarski, Kazimierz"]
[Result "1-0"]
[WhiteElo "2040"]
[BlackElo "1985"]
[PlyCount "65"]
[EventDate "2010.08.19"]
[EventType "swiss"]
[EventRounds "10"]
[EventCountry "POL"]
[SourceTitle "CBM 138 Extra"]
[Source "ChessBase"]
[SourceDate "2010.10.29"]
[SourceVersion "1"]
[SourceVersionDate "2010.10.29"]
[SourceQuality "1"]

1. e4 e6 2. d4 d5 3. Nc3 Nf6 4. e5 Nfd7 5. f4 g6 6. Nf3 c5 7. Be3 Nc6 8. dxc5 Nxc5 9. Nd4 a6 10. Qd2 Bd7 11. Be2 Nxd4 12. Bxd4 Bc6 13. Qe3 Na4 14. Nxa4 Bxa4 15. c3 Qd7 16. Kf2 Be7 17. b3 Bc6 18. Rad1 b5 19. g3 h5 20. h4 Qb7 21. Rhg1 0-0-0 22. a4 b4 23. cxb4 Bxb4 24. Rc1 Kb8 25. Bd3 Bd7 26. Qe2 Bc8 27. Rc2 Rd7 28. Rgc1 Qa8 29. Bb6 Ba3 30. Rxc8+ Rxc8 31. Rxc8+ Kxc8 32. Bxa6+ Rb7 33. Qb5 1-0

[Event "Polanica Zdroj op-E 46th"]
[Site "Polanica Zdroj"]
[Date "2010.08.23"]
[Round "5"]
[White "Salamon, Jan"]
[Black "Winiarski, Kazimierz"]
[Result "0-1"]
[WhiteElo "1827"]
[BlackElo "1985"]
[PlyCount "72"]
[EventDate "2010.08.19"]
[EventType "swiss"]
[EventRounds "10"]
[EventCountry "POL"]
[SourceTitle "CBM 138 Extra"]
[Source "ChessBase"]
[SourceDate "2010.10.29"]
[SourceVersion "1"]
[SourceVersionDate "2010.10.29"]
[SourceQuality "1"]

1. Nf3 Nf6 2. c4 e6 3. d4 d5 4. Nc3 c6 5. Bg5 Nbd7 6. e3 Qa5 7. cxd5 exd5 8. Bd3 h6 9. Bh4 Be7 10. 0-0 0-0 11. h3 Re8 12. a3 Qd8 13. Bg3 Bf8 14. Rc1 Ne4 15. Bh2 Ndf6 16. b4 Nxc3 17. Rxc3 Ne4 18. Rb3 Bd6 19. Be5 f6 20. Bxd6 Qxd6 21. b5 c5 22. Bxe4 dxe4 23. Nh2 Be6 24. Rc3 c4 25. Qb1 Bd5 26. Qb2 f5 27. Rfc1 a6 28. a4 axb5 29. axb5 Ra4 30. Rb1 Rea8 31. Nf1 Ra3 32. Nd2 Rxc3 33. Qxc3 Ra3 34. Nxc4 Rxc3 35. Nxd6 g6 36. Nc8 Rxc8 0-1

[Event "Polanica Zdroj op-E 46th"]
[Site "Polanica Zdroj"]
[Date "2010.08.22"]
[Round "4"]
[White "Winiarski, Kazimierz"]
[Black "Przybylowicz, Kazimierz"]
[Result "1/2-1/2"]
[WhiteElo "1985"]
[BlackElo "1831"]
[PlyCount "30"]
[EventDate "2010.08.19"]
[EventType "swiss"]
[EventRounds "10"]
[EventCountry "POL"]
[SourceTitle "CBM 138 Extra"]
[Source "ChessBase"]
[SourceDate "2010.10.29"]
[SourceVersion "1"]
[SourceVersionDate "2010.10.29"]
[SourceQuality "1"]

1. e4 c5 2. Nf3 Nc6 3. d4 cxd4 4. Nxd4 Nf6 5. Nc3 e5 6. Nb3 Bb4 7. Bd3 d5 8. exd5 Nxd5 9. Bd2 Nxc3 10. bxc3 Be7 11. 0-0 0-0 12. Be3 Be6 13. Nc5 Bxc5 14. Bxc5 Re8 15. Bb5 Qg5 1/2-1/2

[Event "Polanica Zdroj op-E 46th"]
[Site "Polanica Zdroj"]
[Date "2010.08.21"]
[Round "3"]
[White "Winiarski, Kazimierz"]
[Black "Janocha, Jan"]
[Result "1-0"]
[WhiteElo "1985"]
[BlackElo "1803"]
[PlyCount "61"]
[EventDate "2010.08.19"]
[EventType "swiss"]
[EventRounds "10"]
[EventCountry "POL"]
[SourceTitle "CBM 138 Extra"]
[Source "ChessBase"]
[SourceDate "2010.10.29"]
[SourceVersion "1"]
[SourceVersionDate "2010.10.29"]
[SourceQuality "1"]

1. e4 e6 2. d4 d5 3. Nd2 Nf6 4. Bd3 Be7 5. c3 c5 6. e5 Nfd7 7. Ne2 Nc6 8. 0-0 a6 9. a3 b5 10. b4 c4 11. Bc2 Nb6 12. f4 g6 13. Nf3 Bd7 14. Be3 Bf8 15. Bf2 Be7 16. Kh1 Kf8 17. Qd2 h5 18. Be3 a5 19. Ng5 axb4 20. axb4 Kg7 21. h4 Qc7 22. Ng3 Rxa1 23. Rxa1 Ra8 24. Rxa8 Nxa8 25. Qe2 Bxg5 26. fxg5 Ne7 27. Nxh5+ gxh5 28. Qxh5 Bc6 29. Qh6+ Kg8 30. Bh7+ Kh8 31. Bg6+ 1-0

[Event "Polanica Zdroj op-E 46th"]
[Site "Polanica Zdroj"]
[Date "2010.08.20"]
[Round "2"]
[White "Gralka, Julian"]
[Black "Winiarski, Kazimierz"]
[Result "1-0"]
[WhiteElo "2287"]
[BlackElo "1985"]
[PlyCount "111"]
[EventDate "2010.08.19"]
[EventType "swiss"]
[EventRounds "10"]
[EventCountry "POL"]
[SourceTitle "CBM 138 Extra"]
[Source "ChessBase"]
[SourceDate "2010.10.29"]
[SourceVersion "1"]
[SourceVersionDate "2010.10.29"]
[SourceQuality "1"]

1. d4 d5 2. c4 e6 3. Nc3 Nf6 4. Bg5 Nbd7 5. e3 c6 6. Nf3 Qa5 7. Nd2 Bb4 8. Qc2 0-0 9. Be2 c5 10. 0-0 Bxc3 11. bxc3 cxd4 12. cxd4 dxc4 13. Bf4 Nd5 14. Nxc4 Qc3 15. Qxc3 Nxc3 16. Bf3 Nd5 17. Bd6 Rd8 18. Rfc1 N7f6 19. Bg3 Bd7 20. Rab1 b5 21. Ne5 Be8 22. Nd3 Rac8 23. Nc5 Bc6 24. Be2 Nb6 25. Bxb5 Bxb5 26. Rxb5 Ne4 27. Rbb1 Nxg3 28. hxg3 g6 29. a4 Rc7 30. a5 Nd5 31. Kf1 Rdc8 32. Ke2 Ne7 33. a6 Nd5 34. Rb7 Nb6 35. g4 Nd7 36. Nd3 Rxc1 37. Nxc1 Nb8 38. Nd3 Nxa6 39. Rxa7 Nc7 40. Ne5 g5 41. g3 f6 42. Nd7 Ne8 43. f4 h6 44. Kf3 f5 45. gxf5 exf5 46. g4 fxg4+ 47. Kxg4 gxf4 48. Kxf4 Rc1 49. e4 Rf1+ 50. Ke5 Rf7 51. d5 h5 52. d6 h4 53. Ra8 Rxd7 54. Rxe8+ Kg7 55. Rc8 Rf7 56. Rc3 1-0

[Event "POL-ch disabled"]
[Site "Rowy"]
[Date "2009.09.02"]
[Round "2.15"]
[White "Winiarski, Kazimierz"]
[Black "Dulinski, Stanislaw"]
[Result "1-0"]
[WhiteElo "1979"]
[BlackElo "1807"]
[PlyCount "65"]
[EventDate "2009.09.01"]
[EventType "swiss"]
[EventRounds "9"]
[EventCountry "POL"]
[SourceTitle "EXT 2023"]
[Source "ChessBase"]
[SourceDate "2022.10.05"]
[SourceVersion "1"]
[SourceVersionDate "2022.10.05"]
[SourceQuality "1"]

1. e4 e5 2. Nf3 Nc6 3. d4 exd4 4. Nxd4 d6 5. Be3 Nf6 6. Nc3 Be7 7. Be2 Ne5 8. h3 c6 9. 0-0 Qc7 10. f4 Ng6 11. a4 a6 12. Qe1 0-0 13. Qf2 c5 14. Nf3 Qc6 15. Nd2 Bd7 16. Bf3 Qc7 17. g4 Bc6 18. g5 Ne8 19. h4 f6 20. Qh2 Nh8 21. Bg4 Nf7 22. Be6 Kh8 23. h5 Nd8 24. Bb3 Qd7 25. Qg3 Nc7 26. Nf3 f5 27. Nh4 fxe4 28. Ng6+ hxg6 29. hxg6 Bxg5 30. fxg5 Rxf1+ 31. Rxf1 Nde6 32. Qh4+ Kg8 33. Qh7# 1-0

[Event "Kowalewo Pomorskie op-B"]
[Site "Kowalewo Pomorskie"]
[Date "2007.07.14"]
[Round "9.6"]
[White "Choroszej, Aleksander"]
[Black "Winiarski, Kazimierz"]
[Result "1-0"]
[WhiteElo "1850"]
[BlackElo "1978"]
[PlyCount "65"]
[EventDate "2007.07.04"]
[EventType "swiss"]
[EventRounds "9"]
[EventCountry "POL"]
[SourceTitle "EXT 2023"]
[Source "ChessBase"]
[SourceDate "2022.10.05"]
[SourceVersion "1"]
[SourceVersionDate "2022.10.05"]
[SourceQuality "1"]

1. d4 f5 2. g4 e6 3. Qd3 g6 4. Bf4 Bg7 5. c3 c5 6. gxf5 gxf5 7. dxc5 e5 8. Bd2 Qf6 9. h4 Nc6 10. Na3 e4 11. Qg3 a6 12. Nc4 h6 13. Nd6+ Kf8 14. Bh3 Nge7 15. Qf4 Ne5 16. Bxf5 Nxf5 17. Qxf5 Qxf5 18. Nxf5 d5 19. Nxg7 Kxg7 20. Be3 Kf7 21. 0-0-0 Ke6 22. Nh3 Ng6 23. h5 Ne7 24. Nf4+ Kf7 25. Nxd5 Be6 26. Nxe7 Kxe7 27. b3 Rag8 28. Rh4 Rg4 29. Rxg4 Bxg4 30. Rd4 Bxh5 31. Rxe4+ Kf7 32. Rb4 Bxe2 33. Rxb7+ 1-0

[Event "Kowalewo Pomorskie op-B"]
[Site "Kowalewo Pomorskie"]
[Date "2007.07.08"]
[Round "6.21"]
[White "Winiarski, Kazimierz"]
[Black "Nowacki, Krzysztof"]
[Result "1-0"]
[WhiteElo "1978"]
[BlackElo "1676"]
[PlyCount "59"]
[EventDate "2007.07.04"]
[EventType "swiss"]
[EventRounds "9"]
[EventCountry "POL"]
[SourceTitle "EXT 2023"]
[Source "ChessBase"]
[SourceDate "2022.10.05"]
[SourceVersion "1"]
[SourceVersionDate "2022.10.05"]
[SourceQuality "1"]

1. e4 c6 2. d4 d5 3. Nc3 dxe4 4. Nxe4 Bf5 5. Ng3 Bg6 6. Nf3 e6 7. Ne5 Bd6 8. Nxg6 hxg6 9. Qf3 Nf6 10. c3 Qc7 11. Bd3 Nbd7 12. Bg5 Qb6 13. 0-0-0 0-0-0 14. Ne4 Be7 15. Bf4 Nxe4 16. Bxe4 g5 17. Bd2 f5 18. Bc2 Rhe8 19. Rhe1 Bf6 20. Bb3 Nf8 21. Kb1 Kb8 22. Bxg5 Bxg5 23. Qg3+ Qc7 24. Qxg5 Ka8 25. g3 a6 26. Re5 b6 27. Rde1 Rd6 28. Qh5 Qc8 29. Qe2 Ka7 30. Rxf5 1-0

[Event "Kowalewo Pomorskie op-B"]
[Site "Kowalewo Pomorskie"]
[Date "2007.07.07"]
[Round "4.13"]
[White "Czapiewski, Waldemar"]
[Black "Winiarski, Kazimierz"]
[Result "1/2-1/2"]
[WhiteElo "1815"]
[BlackElo "1978"]
[PlyCount "42"]
[EventDate "2007.07.04"]
[EventType "swiss"]
[EventRounds "9"]
[EventCountry "POL"]
[SourceTitle "EXT 2023"]
[Source "ChessBase"]
[SourceDate "2022.10.05"]
[SourceVersion "1"]
[SourceVersionDate "2022.10.05"]
[SourceQuality "1"]

1. e4 d5 2. exd5 Qxd5 3. Nc3 Qa5 4. d4 c6 5. Bc4 Nf6 6. Nge2 Bf5 7. 0-0 e6 8. Ng3 Bg6 9. Re1 Bb4 10. Bd2 0-0 11. a3 Bxc3 12. Bxc3 Qc7 13. Bd3 Bxd3 14. Qxd3 Nbd7 15. Qf3 Nd5 16. Re4 Nxc3 17. bxc3 Qd6 18. Rh4 Qd5 19. Qg4 Nf6 20. Qe2 Qg5 21. Rh3 Rfd8 1/2-1/2

[Event "Kowalewo Pomorskie op-B"]
[Site "Kowalewo Pomorskie"]
[Date "2007.07.04"]
[Round "1.1"]
[White "Winiarski, Kazimierz"]
[Black "Kaminski, Damian"]
[Result "0-1"]
[WhiteElo "1978"]
[BlackElo "1792"]
[PlyCount "138"]
[EventDate "2007.07.04"]
[EventType "swiss"]
[EventRounds "9"]
[EventCountry "POL"]
[SourceTitle "EXT 2023"]
[Source "ChessBase"]
[SourceDate "2022.10.05"]
[SourceVersion "1"]
[SourceVersionDate "2022.10.05"]
[SourceQuality "1"]

1. d4 Nf6 2. Nf3 g6 3. g3 Bg7 4. Bg2 0-0 5. 0-0 d6 6. c4 c5 7. d5 Nbd7 8. Nc3 a6 9. a4 Qa5 10. Ra3 Rb8 11. e4 Qc7 12. h3 Nb6 13. Qe2 Bd7 14. Be3 Ne8 15. Nd2 f5 16. a5 Nc8 17. exf5 Bxf5 18. g4 Bd7 19. Qd3 Nf6 20. Ra2 b5 21. axb6 Rxb6 22. Nde4 Nxe4 23. Bxe4 Be8 24. f4 Rb4 25. Nd1 Nb6 26. b3 Nd7 27. Rxa6 Qb7 28. Ra3 Bf7 29. Nf2 Rb8 30. Rb1 Nf6 31. Bf3 Nd7 32. Ne4 h6 33. Nd2 Qc8 34. Be4 Qe8 35. Nf3 Nf6 36. Bd2 R4b7 37. Bc3 Nxe4 38. Bxg7 Kxg7 39. Qxe4 Qg8 40. Qd3 Qd8 41. Re1 Qd7 42. Nh4 Rf8 43. f5 g5 44. Nf3 Rg8 45. Rea1 Qc7 46. Qc3+ Kh7 47. Nd2 Qd8 48. Ra7 Rxa7 49. Rxa7 Rf8 50. Qe3 Re8 51. Ne4 Kg7 52. Qc3+ Kg8 53. Qa1 Qb6 54. Qa4 Kf8 55. Ra5 Rb8 56. Rb5 Qc7 57. Rxb8+ Qxb8 58. Nc3 Be8 59. Nb5 h5 60. Kf2 hxg4 61. hxg4 Kf7 62. Ke3 Bd7 63. Qa5 Qh8 64. Nc7 Qh3+ 65. Kd2 Qg2+ 66. Kc1 Qxg4 67. Ne6 Qxf5 68. Qd2 Bxe6 69. dxe6+ Kxe6 0-1